SOIL PHYSICAL ANALYSIS (Record no. 370742)
[ view plain ]
| 000 -LEADER | |
|---|---|
| fixed length control field | 00383nam a22001457a 4500 |
| 005 - DATE AND TIME OF LATEST TRANSACTION | |
| control field | 20250903144809.0 |
| 008 - FIXED-LENGTH DATA ELEMENTS--GENERAL INFORMATION | |
| fixed length control field | 220715b |||||||| |||| 00| 0 eng d |
| 020 ## - INTERNATIONAL STANDARD BOOK NUMBER | |
| International Standard Book Number | 978-93-87973-79-4 |
| 040 ## - CATALOGING SOURCE | |
| Transcribing agency | DDC |
| 082 ## - DEWEY DECIMAL CLASSIFICATION NUMBER | |
| Classification number | 631.410 |
| Item number | HIT |
| 100 ## - MAIN ENTRY--PERSONAL NAME | |
| Dates associated with a name | HITENDRA KUMAR RAI, A K UPADHYAY |
| 245 ## - TITLE STATEMENT | |
| Title | SOIL PHYSICAL ANALYSIS |
| 260 ## - PUBLICATION, DISTRIBUTION, ETC. (IMPRINT) | |
| Place of publication, distribution, etc. | NEWDELHI |
| Name of publisher, distributor, etc. | NEW INDIA PUBLICATIONS |
| 942 ## - ADDED ENTRY ELEMENTS (KOHA) | |
| Source of classification or shelving scheme | Dewey Decimal Classification |
| Koha item type | Books (General) |
| Withdrawn status | Lost status | Source of classification or shelving scheme | Damaged status | Not for loan | Home library | Current library | Date acquired | Total Checkouts | Full call number | Barcode | Date last seen | Price effective from | Koha item type |
|---|---|---|---|---|---|---|---|---|---|---|---|---|---|
| Dewey Decimal Classification | College of Agriculture, Vellayani | College of Agriculture, Vellayani | 15/07/2022 | 631.410HIT | KAU_COAV-31410 | 15/07/2022 | 15/07/2022 | Books (General) | |||||
| Dewey Decimal Classification | College of Agriculture, Vellayani | College of Agriculture, Vellayani | 15/07/2022 | 631.410HIT | KAU_COAV-31411 | 15/07/2022 | 15/07/2022 | Books (General) | |||||
| Dewey Decimal Classification | College of Agriculture, Vellayani | College of Agriculture, Vellayani | 15/07/2022 | 631.410HIT | KAU_COAV-31412 | 15/07/2022 | 15/07/2022 | Books (General) |
